Welcome to CU Library Online Public Access Catalogue (OPAC)

The Gnostic empire strikes back : (Record no. 7329)

MARC details
000 -LEADER
fixed length control field 00656cam a2200217 a 4500
001 - CONTROL NUMBER
control field 1088483
005 - DATE AND TIME OF LATEST TRANSACTION
control field 20250821145022.0
008 - FIXED-LENGTH DATA ELEMENTS--GENERAL INFORMATION
fixed length control field 920728s1992 nju b 000 0 eng
020 ## - INTERNATIONAL STANDARD BOOK NUMBER
International Standard Book Number 0875522858 (pbk.) :
Terms of availability $5.95
020 ## - INTERNATIONAL STANDARD BOOK NUMBER
International Standard Book Number 9780875522852
050 00 - LIBRARY OF CONGRESS CALL NUMBER
Classification number BP605.N48
Item number J67 1992
082 00 - DEWEY DECIMAL CLASSIFICATION NUMBER
Classification number 239/.9
Edition information 20
100 1# - MAIN ENTRY--PERSONAL NAME
Personal name Jones, Peter,
Dates associated with a name 1940-
245 14 - TITLE STATEMENT
Title The Gnostic empire strikes back :
Remainder of title an old heresy for the New Age /
Statement of responsibility, etc. Peter Jones.
260 ## - PUBLICATION, DISTRIBUTION, ETC.
Place of publication, distribution, etc. Phillipsburg, N.J. :
Name of publisher, distributor, etc. P&R Pub.,
Date of publication, distribution, etc. c1992.
300 ## - PHYSICAL DESCRIPTION
Extent x, 112 p. ;
Dimensions 22 cm.
650 #0 - SUBJECT ADDED ENTRY--TOPICAL TERM
Topical term or geographic name entry element New Age movement.
650 #0 - SUBJECT ADDED ENTRY--TOPICAL TERM
Topical term or geographic name entry element Gnosticism.
650 #0 - SUBJECT ADDED ENTRY--TOPICAL TERM
Topical term or geographic name entry element Christianity and other religions.
942 ## - ADDED ENTRY ELEMENTS (KOHA)
Source of classification or shelving scheme Library of Congress Classification
Koha item type Books
Suppress in OPAC No
999 ## -
-- 7329
-- 7329
Holdings
Withdrawn status Lost status Source of classification or shelving scheme Damaged status Not for loan Collection Home library Current library Shelving location Date acquired Total checkouts Full call number Barcode Date last seen Copy number Price effective from Koha item type
    Library of Congress Classification     Non-fiction Undergraduate Library (Christ Temple) Undergraduate Library (Christ Temple) General stacks 08/21/2025   BP 605 JON ulct00004411 08/21/2025 1 08/21/2025 Books
© 2023-2024 Copyright: Central University Libraries. All Rights Reserved | Created by: Mahone Tech Office